[Event "Paris GCT 2018-Rapid"]
[Site "Paris"]
[Date "2018.06.20"]
[Round "1"]
[White "Aronian, Levon"]
[Black "Grischuk, Alexander"]
[Result "1-0"]
[WhiteElo "2795"]
[BlackElo "2783"]
[Annotator "TA"]
[PlyCount "77"]
[EventDate "2018.06.21"]
[EventType "tourn"]
[EventCountry "FRA"]
[SourceTitle "playchess.com"]
[Source "ChessBase"]
[SourceQuality "1"]

{[%evp 12,77,10,9,3,13,16,0,0,-3,-6,0,0,0,0,-4,0,0,0,0,0,0,6,0,0,0,0,0,12,11,7,6,14,-5,-8,-3,-16,-12,0,0,0,0,0,0,0,-2,27,24,198,212,166,191,300,305,293,276,368,415,422,407,413,418,474,474,471,464,543,537]} 1. e4 c5 2. Nc3 d6 3. Nge2 Nf6 4. g3 g6 5. Bg2 Nc6 {[%cal Bb8c6,Bc6d4,Bd4e2][%mdl 32]} 6. O-O Bg7 7. d3 {LiveBook: 178 Games} h5 {B25: Closed Sicilian: 3 g3, lines without early Be3} (7... O-O 8. h3 e6 9. Be3 b6 10. Qd2 d5 11. Bh6 Bxh6 12. Qxh6 Nd4 13. exd5 Nxe2+ 14. Nxe2 exd5 15. Rfe1 Bb7 16. g4 {0-1 (57) Carlsen,M (2837)-Ding,L (2774) Saint Louis 2017}) 8. h3 Bd7 9. Nd5 Nxd5 $146 {The position is equal.} ({Predecessor:} 9... e6 10. Nxf6+ Bxf6 11. c3 Qc7 12. Be3 O-O-O 13. d4 Ne7 14. f4 Bc6 15. Qb3 {1-0 (30) Rozsa,S (2022)-Fekete,I (2091) Hungary 2007}) 10. exd5 Nd4 11. c3 Nxe2+ 12. Qxe2 O-O 13. Bg5 Re8 14. Qd2 Qc8 15. Kh2 e6 16. dxe6 Bxe6 17. Bh6 Bh8 18. Rfe1 Qd7 19. Be3 Rac8 20. d4 b5 21. Rad1 {[#] dxc5 is the strong threat.} Qc7 22. b3 a5 23. dxc5 dxc5 24. Bf4 Qb6 25. Qe3 Rcd8 26. Rxd8 Rxd8 27. Bg5 Rb8 28. Rd1 Re8 29. Bf4 $36 {[%mdl 2048] Strongly threatening Rd6. White has some pressure.} Bg7 $2 {[#]} (29... Rd8 $1 $11 {and Black has nothing to worry.} 30. Rxd8+ Qxd8) 30. Rd6 $1 $18 {[%cal Rd6b6]} Qa7 31. Bc6 Re7 (31... Rf8 $142 32. Bxb5 Kh7) 32. Rd8+ ({Less strong is} 32. Bxb5 Bc4 $16) 32... Kh7 33. Bd6 ({Worse is} 33. Bxb5 Bxh3 34. Qf3 Bg4 $11) 33... c4 34. bxc4 bxc4 {Threatens to win with ...Qxe3.} 35. Ra8 Qxe3 36. fxe3 Bd7 37. Bxe7 {White is clearly winning.} Bxc6 38. Rxa5 Be4 39. Bb4 {Precision: White = 79%, Black = 62%.} 1-0

[Event "Paris GCT 2018-Rapid"]
[Site "Paris"]
[Date "2018.06.20"]
[Round "1"]
[White "Kramnik, Vladimir"]
[Black "Nakamura, Hikaru"]
[Result "1/2-1/2"]
[WhiteElo "2775"]
[BlackElo "2813"]
[Annotator "TA"]
[PlyCount "60"]
[EventDate "2018.06.21"]
[EventType "tourn"]
[EventCountry "FRA"]
[SourceTitle "playchess.com"]
[Source "ChessBase"]
[SourceQuality "1"]

{[%evp 18,60,6,10,18,19,20,20,17,12,18,18,19,11,35,34,38,6,10,10,10,5,10,12,13,12,15,4,14,0,0,0,0,0,0,0,0,0,0,0,0,0,0,0,0]} 1. Nf3 Nf6 2. g3 d5 3. Bg2 e6 4. O-O Be7 5. c4 O-O 6. b3 c5 7. cxd5 Nxd5 8. Nc3 Nc6 9. Nxd5 {A14: English Opening: 1...e6 with b3 by White} exd5 10. d4 {LiveBook: 21 Games} b6 (10... Bf6 11. Bb2 Bg4 12. Ne5 Bxe5 13. dxe5 d4 14. Qc2 Qe7 15. f4 Rac8 16. Rae1 Nb4 {1-0 (49) Ding,L (2791)-Cheparinov,I (2702) China 2018}) 11. Ba3 Ba6 $146 ({Predecessor:} 11... a5 12. Qd2 Be6 13. Rac1 Nb4 14. Rfd1 Rc8 15. Bxb4 axb4 16. Ne1 Bf6 {0-1 (40) Ivanka Budinsky,M (2320)-Semenova,L (2230) Tuzla 1987}) 12. dxc5 bxc5 13. Rc1 Qa5 14. Qxd5 {[%cal Ra3c5]} Qxa3 15. Qxc6 Bxe2 16. Rfe1 Rac8 17. Qa4 (17. Qe4 {is more complex.} Bxf3 18. Bxf3 Bf6 19. Rc2 Qa5 20. h4) 17... Qxa4 {The position is equal.} 18. bxa4 Bxf3 $1 19. Rxe7 Bxg2 20. Kxg2 $11 {[%mdl 4096] Endgame KRR-KRR} a6 21. Rc4 Rc6 $1 22. a5 Rb8 23. Ra7 (23. Re5 {keeps more tension.} Rbc8 24. Kf3 Kf8 25. Ke3 g6 26. Kd3) 23... h5 24. h4 Rb4 25. Rxb4 cxb4 {KR-KR} 26. Rb7 Rc2 27. Rb6 Rxa2 28. Rxa6 b3 29. Rb6 g6 30. Rxb3 Rxa5 {Precision: White = 77%, Black = 82%.} 1/2-1/2

[Event "Paris GCT 2018-Rapid"]
[Site "Paris"]
[Date "2018.06.20"]
[Round "1"]
[White "Mamedyarov, Shakhriyar"]
[Black "Anand, Viswanathan"]
[Result "1/2-1/2"]
[WhiteElo "2766"]
[BlackElo "2822"]
[Annotator "TA"]
[PlyCount "114"]
[EventDate "2018.06.21"]
[EventType "tourn"]
[EventCountry "FRA"]
[SourceTitle "playchess.com"]
[Source "ChessBase"]
[SourceQuality "1"]

{[%evp 28,114,29,58,65,13,16,22,17,6,13,12,4,9,8,6,18,0,20,12,32,0,7,0,0,0,12,-13,0,0,0,-37,-37,-136,-134,-136,-130,-118,-128,-127,-137,-162,-160,-349,-348,-339,-347,-347,-341,-340,-312,-564,-548,-588,-284,-233,-161,-160,-149,-141,-150,-157,-120,-127,-67,-87,-78,-79,-43,-41,0,0,0,0,0,0,0,0,136,136,129,129,129,0,181,181,181,0,0]} 1. d4 Nf6 2. c4 e6 3. Nf3 d5 4. Nc3 Be7 5. Bf4 O-O 6. e3 c5 7. dxc5 Bxc5 8. Qc2 Nc6 9. Rd1 Qa5 10. a3 Re8 {D37: Queen's Gambit Declined: 5 Bf4} 11. Nd2 e5 12. Bg5 Nd4 13. Qb1 Bf5 14. Bd3 Bxd3 15. Qxd3 {LiveBook: 17 Games} Ne4 $1 {[%cal Re4g5]} ({Don't blunder} 15... e4 $2 16. Qb1 $18) 16. Nxd5 (16. Ncxe4 $14 dxe4 17. Qxe4) (16. Ndxe4 dxe4 17. Qd2 Ne6 18. Bh4 {½-½ (66) Mamedyarov,S (2804)-Anand,V (2767) Wijk aan Zee 2018}) 16... Nxg5 $11 17. exd4 Bxd4 18. b4 {[#]} Qd8 $146 19. Qb3 Ne6 20. O-O Qd7 21. Nf3 f6 22. a4 Rac8 23. a5 Kh8 24. g3 Qc6 25. Rc1 b6 26. axb6 axb6 27. Rfe1 Rcd8 28. b5 $1 {[%cal Rb5c6]} Qb7 29. h4 Bc5 30. Qb1 (30. Kg2 $15) 30... Nc7 $1 $17 31. Rcd1 Nxd5 32. cxd5 Rxd5 33. Qe4 Red8 34. Kg2 Qd7 35. Ra1 $2 (35. Rxd5 $17 {was necessary.} Qxd5 36. Qxd5 Rxd5 37. Ra1) 35... f5 $19 36. Qc4 e4 37. Ng5 {intending Red1!} h6 38. Nh3 Rd4 39. Qb3 $2 (39. Qf1) 39... Rd3 40. Qc4 Qb7 (40... Qd6 $142 {White must now prevent ...Bxf2.} 41. Nf4 Rf3) 41. Qe6 R3d6 42. Qxf5 e3+ $1 43. Qf3 Qxf3+ 44. Kxf3 exf2 45. Re2 Rd2 ({Black should play} 45... Rd3+ $17 46. Kg2 Bd6) 46. Rxd2 $15 Rxd2 {[%mdl 4096] Endgame KRB-KRN} 47. Rf1 {[%cal Rh3f2]} Kg8 48. Nxf2 Rxf2+ 49. Rxf2 Bxf2 50. Kxf2 {K3P-K3P} Kf7 51. Ke3 Ke6 52. Ke4 {And now h5 would win.} Kd6 (52... g6 $11 {keeps the balance.}) 53. Kf5 $1 $16 {Strongly threatening g4.} Kc5 54. Kg6 Kxb5 {[#]} 55. Kxg7 ({White must play} 55. g4 $1 $16) 55... Kc6 $2 (55... h5 $11 {and Black stays safe.} 56. Kg6 Ka4 57. Kxh5 b5) 56. Kxh6 b5 {[%cal Bb6b5,Bb5b4][%mdl 32] [#] ...b4 is the strong threat.} 57. Kg7 $2 (57. g4 $1 $18 {[%cal Rg4g5] Threatens to win with g5.} b4 58. g5) 57... b4 {Precision: White = 47%, Black = 56%.} 1/2-1/2

[Event "Paris GCT 2018-Rapid"]
[Site "Paris"]
[Date "2018.06.20"]
[Round "1"]
[White "So, Wesley"]
[Black "Caruana, Fabiano"]
[Result "1-0"]
[WhiteElo "2763"]
[BlackElo "2753"]
[Annotator "TA"]
[PlyCount "133"]
[EventDate "2018.06.21"]
[EventType "tourn"]
[EventCountry "FRA"]
[SourceTitle "playchess.com"]
[Source "ChessBase"]
[SourceQuality "1"]

{[%evp 18,133,11,20,32,14,12,9,8,-8,22,22,37,28,29,30,17,19,28,17,27,17,25,21,30,0,0,0,33,29,74,75,106,82,143,130,169,169,169,167,197,202,189,160,135,85,85,85,85,85,85,85,102,102,98,102,101,100,102,93,137,118,129,137,127,138,200,191,312,327,320,321,374,293,351,351,333,336,271,106,318,231,197,19,19,0,178,0,20,33,347,335,334,334,284,8,182,8,8,8,8,8,8,8,8,8,8,8,90,93,287,287,280,254,29976,29977,29975,29951]} 1. d4 Nf6 2. Bf4 c5 3. e3 e6 4. Nd2 d5 5. Ngf3 Nc6 6. c3 Be7 7. h3 Bd6 {D02: Damenbauernspiele} 8. dxc5 (8. Bxd6 Qxd6 9. Bb5 O-O 10. O-O Ne7 11. Bd3 Nc6 12. Bb5 Ne7 13. Bd3 Nc6 14. Re1 b6 15. e4 dxe4 16. Nxe4 Nxe4 17. Bxe4 {1-0 (55) So,W (2788)-Dominguez Perez,L (2739) Saint Louis 2017}) 8... Bxc5 9. Bd3 O-O 10. O-O {LiveBook: 4 Partien} Bd6 11. Bxd6 Qxd6 12. e4 Rd8 $146 ({Vorgänger:} 12... Bd7 13. Re1 Qc7 14. exd5 Nxd5 15. Qc2 {½-½ (38) Artemiev,V (2663)-Fedoseev,V (2665) Sochi 2016}) 13. Bc2 dxe4 14. Nxe4 Qe7 15. Qe2 Bd7 16. Rad1 (16. Rfe1 {keeps more tension.} Be8 17. a3 Rac8 18. Nxf6+ Qxf6 19. Rad1) 16... Be8 17. Nxf6+ Qxf6 18. h4 g6 19. Qe3 h5 20. Ng5 b6 21. Qg3 Rxd1 22. Rxd1 Rd8 23. Re1 Kg7 24. Re3 Kg8 25. Bb3 {[%cal Rg5e6] Und weiter mit Sxe6! wäre nett.} Kh8 ({Günstiger ist} 25... Kg7) 26. Ba4 $16 Qe7 27. Qf3 $1 Rc8 28. g4 $1 hxg4 29. Qxg4 Rd8 30. h5 Rd5 31. Rg3 f6 32. Qxe6 Qxe6 33. Nxe6 Rxh5 34. Nf4 Ra5 35. Nxg6+ Bxg6 36. Bxc6 {[%mdl 4096] Endspiel KTL-KTL} Kh7 37. a3 Rc5 38. Bb7 Kg7 39. b4 Re5 40. f4 Re7 41. Bd5 {Schwarz muss nun f5 beachten.} f5 (41... Kh6 $16 {war angesagt.}) 42. Kf2 $18 Rc7 (42... Kf6 {kämpft weiter.} 43. Re3 Rc7 44. Re6+ Kg7) 43. c4 Kf6 44. Ke3 Re7+ 45. Kd2 Rh7 46. Re3 Bf7 47. Bxf7 Kxf7 {KT-KT} 48. Rd3 $2 (48. Kd3 $18 {und Weiss behält klar die Oberhand.}) 48... Ke6 $2 (48... Rh2+ $16 49. Kc3 Rf2) 49. Kc3 Rh4 50. Rd4 $2 (50. Re3+ $18 Kd6 51. Rf3) 50... Rh3+ $1 $11 51. Rd3 $2 (51. Kb2 $11) 51... Rh4 $18 52. Rd4 $2 ({Lieber} 52. Re3+ $1 $18 Kd6 53. Rf3) 52... Rh3+ $1 $11 53. Kb2 a5 $2 {[%mdl 8192]} (53... Rh2+ $1 $14 54. Kc3 Rh3+) 54. bxa5 $18 bxa5 55. c5 Ke7 56. Rd5 $2 (56. a4 $18) 56... a4 $2 (56... Rf3 $1 $11 {und Schwarz steht sicher.}) 57. Rxf5 $2 (57. c6 $18) 57... Rb3+ $11 58. Ka2 {Te5+ ist eine echte Drohung.} Rf3 59. Re5+ Kd7 60. Re4 Rf2+ 61. Kb1 Kc6 62. Rc4 ({Keinesfalls} 62. Rxa4 $6 Kxc5 63. Kc1 Kd5 $16) 62... Re2 (62... Rf3 $11 {hält das Gleichgewicht.}) 63. Kc1 $1 $16 Rf2 $2 {[#]} (63... Ra2 $16 {war einen Versuch wert.}) 64. Kd1 $1 $18 ({Weniger gut wäre} 64. Rxa4 Kxc5 65. Kd1 Kd5 $16) 64... Kb5 65. Ke1 Rb2 $2 {[#]} (65... Rh2 $18 66. Rc3 Kc6) 66. c6 $1 {[%cal Bc5c6,Bc6c7][%mdl 544]} Kxc4 67. c7 {Precision: Weiß = 59%, Schwarz = 41%.} 1-0

[Event "Paris GCT 2018-Rapid"]
[Site "Paris"]
[Date "2018.06.20"]
[Round "1"]
[White "Karjakin, Sergey"]
[Black "Vachier-Lagrave, Maxime"]
[Result "1/2-1/2"]
[WhiteElo "2743"]
[BlackElo "2777"]
[Annotator "TA"]
[PlyCount "120"]
[EventDate "2018.06.21"]
[EventType "tourn"]
[EventCountry "FRA"]
[SourceTitle "playchess.com"]
[Source "ChessBase"]
[SourceQuality "1"]

{[%evp 17,120,13,13,12,13,13,13,13,13,4,8,4,18,10,3,17,18,0,8,12,6,17,18,9,26,16,12,15,23,6,17,0,11,0,12,0,0,-32,-31,-32,-12,-13,-5,-6,-13,-15,-31,-8,-10,-30,-38,-41,0,-9,0,-2,-11,-12,0,-52,-56,-68,-55,-105,-89,-93,-40,-44,-45,-45,-47,-56,-44,-44,-45,-62,0,0,0,0,0,0,0,-9,0,0,0,0,0,0,0,0,0,0,0,0,0,0,0,0,0,0,0,0,0]} 1. c4 c5 2. Nf3 Nc6 3. d4 cxd4 4. Nxd4 Nf6 5. Nc3 e6 6. e4 Bb4 7. Nxc6 bxc6 8. Bd3 e5 9. O-O O-O {LiveBook: 101 Games} 10. Qe2 {B44: Sicilian: Taimanov: 5 Nb5} d6 {[%cal Bd7d6,Bd6d5][%mdl 32]} 11. Na4 d5 $146 ({Predecessor:} 11... Ba5 12. Rd1 Qe7 13. b3 Rd8 14. Bc2 Nd7 15. Be3 Nb6 16. Nxb6 Bxb6 17. Rd3 Be6 {½-½ (27) Nepomniachtchi,I (2751)-Jakovenko,D (2735) Poikovsky 2018}) 12. a3 Bd6 13. Bg5 h6 14. Bxf6 Qxf6 15. cxd5 cxd5 16. exd5 Qf4 17. Bb5 (17. Bc2 {feels hotter.} Bg4 18. Qe3 Rfc8 19. Rfc1 Bd7 20. Bd1) 17... Bg4 18. Qe3 Qxe3 19. fxe3 Rab8 20. Nc3 Rfc8 {Strongly threatening ...Rxc3!} 21. a4 Bc5 22. Rae1 Bh5 23. h3 Bg6 24. g4 Rd8 {Threatening ...a6!} 25. Rf2 Rd6 26. Kg2 a6 27. Bc6 Rb4 {[%mdl 1024] Black has compensation.} 28. a5 h5 29. Kg3 Rd8 30. Na4 Be7 31. Rc1 hxg4 32. hxg4 {[#]} f5 $1 {[%mdl 512]} 33. Rxf5 (33. gxf5 Bh4+) 33... Bxf5 34. gxf5 Kf7 35. Nb6 Rxb2 36. Nc4 Rb4 37. Nxe5+ Kf6 38. Nd3 (38. Nc4 $11) 38... Rb3 $15 39. Rd1 Bd6+ 40. Kg4 Rg8 41. e4 g6 (41... Rgb8 $17) 42. fxg6 Rxg6+ 43. Kf3 Ra3 {Threatens to win with ...Rg3+.} 44. Ke3 Be5 $1 {Hoping for ...Rg3+.} 45. Rf1+ Ke7 {White must now prevent ...Rg3+.} 46. Rf3 Bg7 (46... Rh6 $15) 47. Rh3 $11 {The position is equal.} Kd6 48. Kf4 Rf6+ 49. Ke3 Rf7 50. Rg3 $132 {[%mdl 2048] Rg6+ is the strong threat. White is not keeping still} Be5 51. Rg6+ Rf6 (51... Kc7 $5 52. Re6 $8 Bc3 $11) 52. Rxf6+ $1 Bxf6 {[%mdl 4096] Endgame KRB-KBN} 53. Bb7 Bg5+ 54. Ke2 Kc7 55. Bxa6 Rxa5 56. Bc4 Ra4 57. Nc5 Rxc4 58. Ne6+ Kd6 59. Nxg5 {[#]} Rxe4+ $1 {[%mdl 512]} 60. Nxe4+ Kxd5 {Precision: White = 73%, Black = 58%.} 1/2-1/2

[Event "Paris GCT 2018-Rapid"]
[Site "Paris"]
[Date "2018.06.20"]
[Round "2"]
[White "Anand, Viswanathan"]
[Black "Kramnik, Vladimir"]
[Result "1-0"]
[WhiteElo "2822"]
[BlackElo "2775"]
[Annotator "TA"]
[PlyCount "83"]
[EventDate "2018.06.21"]
[EventType "tourn"]
[EventCountry "FRA"]
[SourceTitle "playchess.com"]
[Source "ChessBase"]
[SourceQuality "1"]

{[%evp 12,83,27,0,1,-15,-3,-15,-10,-29,-26,-34,-29,-45,-42,-35,-17,-19,-24,-20,-15,-26,-15,-16,0,-16,27,30,29,24,8,-56,-61,-52,-49,-50,-41,-43,-37,-35,-39,-50,22,31,23,-16,0,0,0,0,0,0,48,37,36,43,145,116,418,412,562,545,752,323,312,306,327,322,307,307,381,139,854,845]} 1. e4 e5 2. Nf3 Nc6 3. Bb5 Nf6 4. d3 Bc5 5. Bxc6 dxc6 6. h3 {C65: Spanische Partie (Berliner-Verteidigung)} Be6 7. Nc3 {LiveBook: 3 Partien} Nd7 {[%cal Bf6d7,Bd7f8,Bf8g6,Bg6f4][%mdl 32]} 8. Ng5 {Die Stellung ist ausgeglichen.} Nf8 $146 ({Vorgänger:} 8... Qe7 9. Nxe6 Qxe6 10. Qg4 Qg6 11. Ne2 Bd6 12. Ng3 Nf8 13. Nf5 Ne6 {½-½ (49) Anand,V (2779)-Nakamura,H (2779) Saint Louis 2016}) 9. O-O Qe7 10. Na4 Bd6 11. Nf3 Ng6 12. Nc3 {[%cal Ba4c3,Bc3e4,Be4g5][%mdl 32]} O-O-O 13. Be3 Nf4 14. Bxf4 $1 ({Aber nicht} 14. Bxa7 $2 b6 $19) 14... exf4 15. e5 Bb4 16. Ne4 f5 17. exf6 gxf6 18. c3 f5 19. Neg5 Bd5 20. Re1 Qf6 21. Qa4 (21. cxb4 $11 h6 22. Ne6 Bxe6 23. Qd2) 21... Bd6 $1 $15 {zielt auf ...Tdg8 ab.} 22. c4 Bxf3 $1 23. Nxf3 Rhg8 24. Kh1 ({Vergiftet wäre} 24. Qxa7 $2 Qg7 $19) 24... Qxb2 {Und ...Lc5 würde nun gewinnen.} 25. Qxa7 {Tab1 ist eine echte Drohung.} b6 26. Rf1 Kd7 (26... Qa3 $15 27. Qxa3 Bxa3) 27. Qa4 $1 $11 Ra8 28. Qb3 Qg7 {[%csl Gg8][%cal Rg7g2]} 29. Rg1 Ra3 30. Qb1 Qf7 31. Qc2 Qh5 32. Rae1 Kc8 33. Rb1 Bc5 (33... c5 $14) 34. Rb3 $16 Ra5 $2 {[%mdl 8192]} (34... Rxb3 $16 {ist eine bessere Chance.} 35. axb3 Kb7) 35. d4 $18 Bd6 {[#]} 36. c5 $1 {[%mdl 512]} bxc5 37. Qc4 (37. Qc3 $142) 37... Re8 38. Rgb1 Kd7 {[#]} 39. Ne5+ $1 {[%mdl 512]} Bxe5 40. dxe5 Qg6 41. Qxf4 $2 (41. Rb8 $18 {ist der präzise Gewinnweg. Droht stark Td1+.} Rxe5 42. Rd1+ (42. Qxf4 c4 $16) 42... Rd5 43. Rxd5+ cxd5 44. Qxd5+ Qd6 45. Qxf5+ Kc6 46. Re8 Qd1+ 47. Kh2) 41... Qe6 $2 {[%mdl 8192]} (41... c4 $16 42. Qxc4 Rexe5) 42. Qd2+ {Precision: Weiß = 59%, Schwarz = 47%.} 1-0

[Event "Paris GCT 2018-Rapid"]
[Site "Paris"]
[Date "2018.06.20"]
[Round "2"]
[White "Nakamura, Hikaru"]
[Black "Aronian, Levon"]
[Result "1/2-1/2"]
[WhiteElo "2813"]
[BlackElo "2795"]
[Annotator "TA"]
[PlyCount "81"]
[EventDate "2018.06.21"]
[EventType "tourn"]
[EventCountry "FRA"]
[SourceTitle "playchess.com"]
[Source "ChessBase"]
[SourceQuality "1"]

{[%evp 13,81,4,21,-8,17,0,32,0,12,-6,12,5,10,-19,-10,-46,-46,-46,-41,-41,-37,-46,-31,-70,-42,-54,-51,-61,-47,-59,-25,-72,-72,-62,-53,-61,-57,-61,0,0,0,-45,-29,-43,-29,-31,-31,-41,-26,-39,-46,-49,-48,-51,-45,-87,-10,-40,0,0,0,0,0,0,0,0,0,0,0,0]} 1. e4 {Besenthal,K} e5 2. Nf3 Nc6 3. Bb5 Nf6 4. d3 Bc5 5. Bxc6 dxc6 6. h3 {C65: Ruy Lopez: Berlin Defence (3...Nf6), unusual lines and 4 0-0 Bc5} Be6 7. Nc3 Qd6 {LiveBook: 3 Games} 8. Be3 $146 ({Predecessor:} 8. Na4 Bb6 9. O-O O-O 10. b3 h6 11. Bb2 Nd7 12. Nxb6 axb6 13. d4 exd4 14. Nxd4 {1-0 (29) Carlsen,M (2855)-Aronian,L (2792) Paris 2016 CBM 173 [Besenthal,K]}) 8... Bb6 9. O-O O-O 10. Ne2 Nd7 11. Ng3 f6 12. Qe2 a5 13. Nd2 Bxe3 14. fxe3 (14. Qxe3 {is interesting.} Rfe8 15. Rfd1 Qb4 16. Rdb1 a4 17. a3) 14... g6 15. Nf3 a4 16. Qf2 c5 17. a3 Ra6 18. Rad1 Qe7 19. c3 Bb3 20. Rc1 Rd6 21. d4 b6 {[%cal Bb7b6,Bb6b5][%mdl 32]} 22. h4 Bc4 23. Rfe1 h5 24. Qc2 b5 25. Nf1 Re6 ({Better is} 25... Bf7 $15) 26. N1d2 $11 Nb6 27. b3 (27. Nxc4 {seems wilder.} Nxc4 28. b3 axb3 29. Qxb3 cxd4 30. cxd4 exd4 31. exd4 c6 32. a4) 27... axb3 28. Nxb3 Bxb3 29. Qxb3 c6 30. dxe5 fxe5 31. Ng5 c4 32. Qb4 Qxb4 33. axb4 Rd6 $1 34. Red1 Rd3 (34... Rfd8 $17 35. Rxd6 Rxd6) 35. Ne6 {[#] And now Rxd3 would win.} Rf6 36. Nc5 {The position is equal.} Rxe3 37. Rd8+ Kg7 38. Rcd1 Re2 $1 39. Rb8 {[#] Threatens to win with Rb7+.} Rff2 $1 40. Rxb6 Rxg2+ 41. Kh1 {Precision: White = 51%, Black = 51%.} 1/2-1/2

[Event "Paris GCT 2018-Rapid"]
[Site "Paris"]
[Date "2018.06.20"]
[Round "2"]
[White "Grischuk, Alexander"]
[Black "Karjakin, Sergey"]
[Result "1/2-1/2"]
[WhiteElo "2783"]
[BlackElo "2743"]
[Annotator "TA"]
[PlyCount "48"]
[EventDate "2018.06.21"]
[EventType "tourn"]
[EventCountry "FRA"]
[SourceTitle "playchess.com"]
[Source "ChessBase"]
[SourceQuality "1"]

{[%evp 13,48,73,115,108,123,64,67,43,42,40,34,18,29,29,31,14,34,16,9,13,13,11,11,12,10,10,8,12,20,20,26,10,9,8,3,0,0]} 1. c4 Nf6 2. Nf3 e6 3. g3 d5 4. Bg2 dxc4 5. Na3 a6 6. Nxc4 {A13: English Opening: 1...e6} b5 7. Nce5 Nd5 {[%cal Bf6d5,Bd5b4,Bb4c2][%mdl 32] LiveBook: 3 Games} 8. d4 {White is better.} Be7 9. a4 $146 (9. O-O $16) ({Predecessor:} 9. Bd2 O-O 10. Rc1 Bb7 11. O-O Nd7 12. Nc6 Bxc6 13. Rxc6 {½-½ (38) Pelletier,Y (2594)-Sokolov,A (2565) Switzerland 2011}) 9... Bb7 $14 {[%cal Bc8b7,Bb7a8,Ba8d5][%mdl 32]} 10. axb5 axb5 11. Rxa8 Bxa8 12. Qb3 Nb4 $1 13. Nxf7 Bd5 14. Nxd8 Bxb3 15. Nb7 Bd5 16. Nc5 {next e4 is good for White.} Nc2+ 17. Kd1 Bxf3 18. exf3 Nxd4 19. Nd3 O-O 20. Be3 Nbc6 21. f4 Nb4 22. Bxd4 Rd8 {The position is equal.} 23. Ke2 Rxd4 24. Rd1 Rxd3 {Precision: White = 69%, Black = 77%.} 1/2-1/2

[Event "Paris GCT 2018-Rapid"]
[Site "Paris"]
[Date "2018.06.20"]
[Round "2"]
[White "Vachier-Lagrave, Maxime"]
[Black "Caruana, Fabiano"]
[Result "1/2-1/2"]
[WhiteElo "2777"]
[BlackElo "2753"]
[Annotator "TA"]
[PlyCount "74"]
[EventDate "2018.06.21"]
[EventType "tourn"]
[EventCountry "FRA"]
[SourceTitle "playchess.com"]
[Source "ChessBase"]
[SourceQuality "1"]

{[%evp 21,74,11,20,10,13,11,16,26,18,5,26,9,9,6,10,-5,7,13,4,6,8,0,2,0,0,2,15,20,15,0,0,0,0,0,0,0,0,0,0,0,0,0,0,0,0,0,0,0,0,0,0,0,0,0,0]} 1. e4 e5 2. Nf3 Nf6 3. Nxe5 d6 4. Nf3 Nxe4 5. d4 d5 6. Bd3 Bd6 7. O-O O-O 8. c4 c6 9. Nc3 Nxc3 10. bxc3 dxc4 11. Bxc4 Bf5 12. Bd3 {C42: Russische Verteidigung (Petrow)} (12. Ng5 h6 13. Qf3 Bg6 14. Ne4 Bxh2+ 15. Kxh2 Qh4+ 16. Qh3 Qxh3+ 17. gxh3 Bxe4 18. Rg1 Re8 19. Bxh6 g6 {½-½ (40) Vachier Lagrave,M (2789)-Caruana,F (2822) Stavanger 2018}) 12... Bxd3 13. Qxd3 Nd7 14. g3 $146 ({Vorgänger:} 14. c4 Nc5 15. Qb1 Ne6 16. Qxb7 Qb6 17. Qxb6 axb6 18. Be3 Ra4 19. Rfc1 Rfa8 {½-½ (37) Sebag,M (2495)-Kosteniuk,A (2552) Monaco 2017}) 14... Re8 15. Kg2 Nf6 16. c4 Qd7 {Die Stellung ist ausgeglichen.} 17. Bb2 Rad8 18. a4 h6 19. Rfe1 Nh7 20. Rxe8+ Rxe8 21. d5 Ng5 22. Nxg5 hxg5 23. a5 cxd5 24. Qxd5 {[#] Und weiter mit Td1 wäre nett.} Qe7 25. Rd1 Bc5 26. Qf3 b6 27. Rd5 f6 28. axb6 axb6 29. Bd4 Bxd4 30. Rxd4 $11 {[%mdl 4096] Endspiel KDT-KDT} Qe5 31. Qd3 Qe2 32. Qb3 Qe6 33. Qb5 Rc8 34. Qd5 Qxd5+ 35. cxd5 Kf7 36. Rb4 Rc5 37. Rxb6 Rxd5 {Precision: Weiß = 63%, Schwarz = 81%.} 1/2-1/2

[Event "Paris GCT 2018-Rapid"]
[Site "Paris"]
[Date "2018.06.20"]
[Round "2"]
[White "Mamedyarov, Shakhriyar"]
[Black "So, Wesley"]
[Result "1-0"]
[WhiteElo "2766"]
[BlackElo "2763"]
[Annotator "TA"]
[PlyCount "101"]
[EventDate "2018.06.21"]
[EventType "tourn"]
[EventCountry "FRA"]
[SourceTitle "playchess.com"]
[Source "ChessBase"]
[SourceQuality "1"]

{[%evp 22,101,20,24,20,20,24,22,21,19,22,25,59,60,64,62,80,80,77,79,89,55,81,81,82,79,106,97,97,92,110,97,120,120,120,120,116,114,107,85,84,91,119,119,121,127,145,134,141,152,159,147,147,147,167,162,162,150,178,183,262,264,656,2060,1890,1979,1589,1492,1235,660,12842,12843,12843,12843,12844,12844,12845,12845,12845,12845,12846,12847]} 1. d4 Nf6 2. c4 e6 3. Nf3 d5 4. Nc3 c5 5. cxd5 cxd4 6. Qxd4 exd5 7. e4 Nc6 8. Bb5 {D41: Queen's Gambit Declined: Semi-Tarrasch with 5 cxd5} dxe4 9. Qxd8+ Kxd8 10. Ng5 Be6 11. O-O Bb4 12. Ncxe4 {LiveBook: 31 Games} Nxe4 13. Nxe4 Ke7 {[#]} 14. Bxc6 $146 ({Predecessor:} 14. Be3 Rhd8 15. Nc5 Nd4 16. Nxe6 {½-½ (16) Bluebaum,M (2646)-So,W (2810) Tbilisi 2017}) 14... bxc6 15. Be3 Bd5 16. Bc5+ Kd7 17. Nf6+ gxf6 18. Bxb4 Rae8 19. f3 Re2 20. Rf2 Rhe8 21. b3 f5 22. Rd1 a6 23. Rd4 h5 24. Kf1 Rxf2+ 25. Kxf2 $16 {[%mdl 4096] Endgame KRB-KRB} f6 26. Bc3 Ra8 27. Rh4 Bf7 28. Bxf6 c5 29. Ra4 Kc6 30. Bc3 Kb5 31. h4 Be6 32. Ra5+ Kb6 33. b4 cxb4 34. Bxb4 Rc8 35. a3 Rc2+ 36. Kg3 Re2 37. Rc5 Bd7 38. Rd5 Kc7 39. Rd4 Re6 40. Rd2 Bb5 (40... Rh6 {was called for.} 41. Kf4 Rg6) 41. Kf4 $18 Re2 $2 {[#]} (41... Kc8 42. Kxf5 Bd7) 42. Rxe2 {White is clearly winning.} Bxe2 {KB-KB} 43. Kg5 Bf1 44. Kxh5 f4 45. Kg4 Bxg2 {[#]} 46. h5 $1 {[%cal Bh4h5,Bh5h6][%mdl 32]} Bf1 47. h6 Bd3 48. Kg5 Kc6 49. Kf6 Kd5 50. Kg7 Bf5 51. Bd2 {Precision: White = 89%, Black = 44%.} 1-0